Chemistry for Grade-10 / (Record no. 594437)

000 -LEADER
fixed length control field 00431nam a22001577a 4500
020 ## - INTERNATIONAL STANDARD BOOK NUMBER
International Standard Book Number 978-989-37-0632-1
040 ## - CATALOGING SOURCE
Transcribing agency SINES-NUST.
082 ## - DEWEY DECIMAL CLASSIFICATION NUMBER
Classification number 547.12
Author Mark RAS
100 ## - MAIN ENTRY--PERSONAL NAME
Personal name Shahnaz Rashid.
9 (RLIN) 111749
245 ## - TITLE STATEMENT
Title Chemistry for Grade-10 /
Statement of responsibility, etc. Rashid, Shahnaz
260 ## - PUBLICATION, DISTRIBUTION, ETC.
Place of publication, distribution, etc. Islamabad:
Name of publisher, distributor, etc. National Book Foundation,
Date of publication, distribution, etc. 2015.
300 ## - PHYSICAL DESCRIPTION
Extent 220p. :
Other physical details ill. ;
Dimensions 30cm.
440 ## - SERIES STATEMENT/ADDED ENTRY--TITLE
Title Chemistry
9 (RLIN) 111750
650 ## - SUBJECT ADDED ENTRY--TOPICAL TERM
General subdivision Chemistry.
942 ## - ADDED ENTRY ELEMENTS (KOHA)
Source of classification or shelving scheme
Koha item type Reference
Holdings
Withdrawn status Lost status Source of classification or shelving scheme Damaged status Not for loan Permanent Location Current Location Shelving location Date acquired Total Checkouts Full call number Barcode Date last seen Price effective from Koha item type
          School of Interdisciplinary Engineering and Sciences (SINES) School of Interdisciplinary Engineering and Sciences (SINES) Reference 04/05/2023   547.12 RAS RCMS002985 04/05/2023 04/05/2023 Reference
© 2023 Central Library, National University of Sciences and Technology. All Rights Reserved.